00377nam a2200145Ia 4500003000400000008004100004040001600045082001700061100001900078245004800097260003000145650001500175650001900190650002200209GCL140319s9999 xx 000 0 eng d aGCL / cGCL04aCHb843bJ L1 aJOST, D' ALAIN10aLASSI: LA FORET EN PERIL / cJOST, D' ALAIN a[S.N] : bHEMMA ، c199404aLITERATURE04aFRENCH FICTION04aFRENCH LITERATURE